000 00620nam a2200205Ii 4500
001 7011
003 CO-ViMGA
008 241108s9999||||xx |||||||||||||| ||und||
040 _aCO-ViMGA
_bspa
_erda
_cCO-ViMGA
041 0 _aunk
082 0 4 _a923.1861-N962
100 1 _aIndalecio Liévano Aguirre
_948022
245 1 0 _aRafael Nuñez
264 1 _a[Lugar de publicación no identificado] : Instituto Colombiano de Cultura, 1972
300 _avolumen
336 _atext
_btxt
_2rdacontent
337 _aunmediated
_bn
_2rdamedia
338 _avolume
_bnc
_2rdacarrier
940 _aidficha_siabuc: 6850. -- ficha_no_siabuc:7011
999 _c52521
_d52521